000 00908pam a2200289 i 4500
001 10980
003 BD-RjUL
005 20211208235041.0
008 140125s1975 nyua b 001 0 eng
020 _a0444001573
035 _a(BD-RjUL)11029
040 _aDLC
_cDLC
_dDLC
_dBD-RjUL
_beng
041 _aeng
082 0 0 _a551.480184
_bFLC
100 1 _aFleming, George.
_933932
245 1 0 _aComputer simulation techniques in hydrology /
_cGeorge Fleming.
260 _aNew York :
_bElsevier,
_cc1975.
300 _aix, 333 p. :
_bill. ;
_c27 cm.
490 1 _aEnvironmental science series
504 _aIncludes bibliographical references and index.
650 0 _aHydrology
_xSimulation methods.
_933362
650 0 _aWater-supply
_xSimulation methods.
_933933
830 0 _aEnvironmental science series (New York, 1972- )
_933941
942 _2ddc
_cBK
999 _c10980
_d10980